000
00463nam a2200181Ia 4500
008
100917s9999 xx 000 0 und d
082
_b
53913
100
_a
बोकील वि. वि.
245
_a
झिम झिम
260
_b
शेठ हिरजी मोहन
_c
1943
300
_a
114
365
_b
3.75
520
_a
कथा
630
_a
झिम झिम
650
_a
कथा
730
_a
झिम झिम
942
_c
BOOK
999
_c
659307
_d
659304